Architectural Building Construction. vol 3: a text book for the architectural and building student./ (Record no. 170908)
[ view plain ]
| 000 -LEADER | |
|---|---|
| fixed length control field | 00765nam a22002297a 4500 |
| 003 - CONTROL NUMBER IDENTIFIER | |
| control field | OSt |
| 005 - DATE AND TIME OF LATEST TRANSACTION | |
| control field | 20240726094828.0 |
| 008 - FIXED-LENGTH DATA ELEMENTS--GENERAL INFORMATION | |
| fixed length control field | 240725b |||||||| |||| 00| 0 eng d |
| 040 ## - CATALOGING SOURCE | |
| Original cataloging agency | NUST |
| Language of cataloging | eng |
| Transcribing agency | NUST |
| Modifying agency | NUST |
| Description conventions | rda |
| 050 ## - LIBRARY OF CONGRESS CALL NUMBER | |
| Classification number | TH145 JAG |
| 100 ## - MAIN ENTRY--PERSONAL NAME | |
| Personal name | Walter R. Jaggard |
| Relator term | Author |
| 245 ## - TITLE STATEMENT | |
| Title | Architectural Building Construction. vol 3: a text book for the architectural and building student./ |
| Statement of responsibility, etc. | Walter R.Jaggard |
| 260 ## - PUBLICATION, DISTRIBUTION, ETC. | |
| Place of publication, distribution, etc. | london. : |
| Name of publisher, distributor, etc. | Cambridge. : |
| Date of publication, distribution, etc. | ©1945 |
| 300 ## - PHYSICAL DESCRIPTION | |
| Extent | xii, 447 pages: |
| Other physical details | Illustrations; |
| Dimensions | 22 cm |
| 336 ## - CONTENT TYPE | |
| Source | rdamedia |
| Content type term | text |
| Content type code | txt |
| 337 ## - MEDIA TYPE | |
| Source | rdamedia |
| Media type term | unmediated |
| Media type code | n |
| 338 ## - CARRIER TYPE | |
| Source | rdamedia |
| Carrier type term | volume |
| Carrier type code | nc |
| 440 ## - SERIES STATEMENT/ADDED ENTRY--TITLE | |
| Volume/sequential designation | vol. 3 |
| 650 ## - SUBJECT ADDED ENTRY--TOPICAL TERM | |
| Form subdivision | Architecture |
| 700 ## - ADDED ENTRY--PERSONAL NAME | |
| Personal name | Francis E. Drury |
| Relator term | Author |
| 942 ## - ADDED ENTRY ELEMENTS (KOHA) | |
| Source of classification or shelving scheme | Library of Congress Classification |
| Koha item type | Ordinary Loan Books |
| Classification part | TH145 |
| Call number prefix | TH |
| Call number suffix | JAG |
| Suppress in OPAC | No |
| Withdrawn status | Lost status | Source of classification or shelving scheme | Damaged status | Not for loan | Collection | Home library | Current library | Shelving location | Date acquired | Source of acquisition | Cost, normal purchase price | Total Checkouts | Full call number | Barcode | Date last seen | Accession number | Cost, replacement price | Price effective from | Koha item type | Public note |
|---|---|---|---|---|---|---|---|---|---|---|---|---|---|---|---|---|---|---|---|---|
| LCC | NFIC | FOBE | FOBE | GEN | 07/24/2024 | National Gallary of Zimbabwe | 39.00 | TH145 JAG | 92004052531 | 07/25/2024 | 59387 | 39.00 | 07/24/2024 | BOOKS | Donation |